000
00319nam a2200121Ia 4500
008
220216s9999 xx 000 0 und d
245
0
_a
Revised manuring programme for young replantings
260
_b
Planters Bulletin
_c
1963
300
_a
79-85
650
_a
Fertiliserr application
650
_a
Manuring
942
_c
JS
999
_c
66978
_d
66978